Les 20 plus grandes villes de Seine-Saint-Denis sur une carte - Statistiques

Statistiques générales
  • Ce quiz a été pris 107 fois
  • Le résultat moyen est 14 sur 20
Réponses sur la Carte
Les réponses sont colorées sur une échelle allant du rouge au vert en fonction du pourcentage des utilisateurs qui les ont devinées à leur premier essai. Vous pouvez retrouver ces pourcentages ci-dessous.
 
Statistiques - réponses
Commune Population % Correct
Saint-Denis 148 907
95%
Montreuil 110 758
89%
Aubervilliers 89 489
87%
Bobigny 55 270
82%
Pantin 60 954
80%
Aulnay-sous-Bois 86 360
75%
Saint-Ouen-sur-Seine 53 041
75%
Drancy 71 312
73%
La Courneuve 47 086
71%
Bondy 51 066
70%
Sevran 51 640
69%
Bagnolet 41 776
64%
Noisy-le-Grand 71 632
64%
Noisy-le-Sec 45 915
63%
Le Blanc-Mesnil 59 912
60%
Rosny-sous-Bois 45 947
57%
Stains 40 600
57%
Épinay-sur-Seine 53 564
55%
Gagny 40 790
40%
Livry-Gargan 46 507
36%
Aucun quiz correspondant
Distribution des résultats
% des personnes avec chaque résultat
Percentile par nombre de réponses
Votre historique - résultats
Vous n’avez pas pris ce quiz